000 00393nam a2200145Ia 4500
008 230917s9999||||xx |||||||||||||| ||und||
040 _e71638
_aMAIN
041 _aEnglish
082 _a515.352 S14N
100 _aSachdev, P L
245 0 _aNonlinear ordinary differential equations and their applications
260 _aNewYork
_bMarcel Dekker
_c1991
300 _axviii, 578 p.
942 _cBK
999 _c82971
_d82971